[Event "Cartagena IRT op 4th"]
[Site "Cartagena"]
[Date "2012.06.15"]
[Round "2"]
[White "Cordova, Emilio"]
[Black "Martinez, Cristian"]
[Result "1-0"]
[WhiteElo "2566"]
[BlackElo "2210"]
[PlyCount "81"]
[EventDate "2012.06.14"]
[EventType "swiss"]
[EventRounds "9"]
[EventCountry "COL"]
[SourceTitle "CBM 148 Extra"]
[Source "ChessBase"]
[SourceDate "2012.06.22"]
[SourceVersion "1"]
[SourceVersionDate "2012.06.22"]
[SourceQuality "1"]

1. d4 e6 2. c4 Nf6 3. Nf3 b6 4. a3 Be7 5. Nc3 Bb7 6. Bf4 d5 7. e3 0-0 8. Qc2 c6 9. Bd3 Nbd7 10. cxd5 exd5 11. g4 c5 12. g5 Ne4 13. Nxe4 dxe4 14. Bxe4 Bxe4 15. Qxe4 cxd4 16. Qxd4 Qc8 17. Bd6 Bxd6 18. Qxd6 Qb7 19. Qg3 Ne5 20. Qxe5 Qxf3 21. 0-0 Rad8 22. Qg3 Qe2 23. b4 f6 24. g6 Rd5 25. gxh7+ Kh8 26. Kh1 Rg5 27. Qh3 Rh5 28. Qg2 Rd8 29. Rab1 Qd3 30. Rg1 Rxh7 31. Qf3 Qxa3 32. Rbd1 Rg8 33. Rd4 a5 34. Qf5 Rf8 35. Rgd1 Rh6 36. Rd8 Qxb4 37. Rxf8+ Qxf8 38. Rc1 g6 39. Qe6 Qg7 40. Rc8+ Kh7 41. Qxb6 1-0

[Event "Cartagena IRT op 4th"]
[Site "Cartagena"]
[Date "2012.06.15"]
[Round "3"]
[White "Martinez, Cristian"]
[Black "Kostov, Alex"]
[Result "1-0"]
[WhiteElo "2210"]
[BlackElo "2080"]
[PlyCount "67"]
[EventDate "2012.06.14"]
[EventType "swiss"]
[EventRounds "9"]
[EventCountry "COL"]
[SourceTitle "CBM 148 Extra"]
[Source "ChessBase"]
[SourceDate "2012.06.22"]
[SourceVersion "1"]
[SourceVersionDate "2012.06.22"]
[SourceQuality "1"]

1. e4 e5 2. Nf3 Nc6 3. Bb5 a6 4. Ba4 Nf6 5. 0-0 Be7 6. Re1 b5 7. Bb3 d6 8. c3 0-0 9. h3 Na5 10. Bc2 c5 11. d4 Qc7 12. d5 Nb7 13. Nbd2 Nd8 14. Nf1 Ne8 15. Ng3 g6 16. Bh6 Ng7 17. Nh2 f6 18. a4 Rb8 19. axb5 axb5 20. Ng4 Nf7 21. Be3 b4 22. c4 Bd7 23. Nh6+ Nxh6 24. Bxh6 Ra8 25. Qd2 Rxa1 26. Rxa1 Qb7 27. f4 Ra8 28. Rf1 Qa6 29. Bd3 Qa2 30. fxe5 fxe5 31. Bg5 Bxg5 32. Qxg5 Rf8 33. Rxf8+ Kxf8 34. Qf6+ 1-0

[Event "Cartagena IRT op 4th"]
[Site "Cartagena"]
[Date "2012.06.14"]
[Round "1"]
[White "Martinez, Cristian"]
[Black "Villalba, Ader Manuel"]
[Result "1-0"]
[WhiteElo "2210"]
[BlackElo "1839"]
[PlyCount "67"]
[EventDate "2012.06.14"]
[EventType "swiss"]
[EventRounds "9"]
[EventCountry "COL"]
[SourceTitle "CBM 148 Extra"]
[Source "ChessBase"]
[SourceDate "2012.06.22"]
[SourceVersion "1"]
[SourceVersionDate "2012.06.22"]
[SourceQuality "1"]

1. e4 c5 2. Nf3 d6 3. c3 Nc6 4. h3 Nf6 5. Bd3 g6 6. 0-0 Bg7 7. Re1 0-0 8. Bc2 b5 9. d4 cxd4 10. cxd4 d5 11. e5 Ne8 12. Nc3 Rb8 13. Bg5 f6 14. exf6 exf6 15. Bf4 Rb7 16. Bb3 Ne7 17. Qd2 Kh8 18. Re2 Bf5 19. Rae1 a6 20. Nxd5 Nxd5 21. Bxd5 Qxd5 22. Rxe8 Kg8 23. Bh6 Rxe8 24. Rxe8+ Kf7 25. Re1 Be4 26. Qe3 Bxh6 27. Qxh6 g5 28. h4 g4 29. Nd2 Bg6 30. Nb3 Rc7 31. Qe3 Kg7 32. Nc5 Ra7 33. Ne6+ Kg8 34. Qf4 1-0

[Event "Puerto Boyaca op"]
[Site "Puerto Boyaca"]
[Date "2012.05.01"]
[Round "10"]
[White "Vittorino, Carlo Giovanni"]
[Black "Martinez, Cristian"]
[Result "1-0"]
[WhiteElo "2283"]
[BlackElo "2210"]
[PlyCount "67"]
[EventDate "2012.04.26"]
[EventType "swiss"]
[EventRounds "10"]
[EventCountry "COL"]
[SourceTitle "CBM 148 Extra"]
[Source "ChessBase"]
[SourceDate "2012.06.22"]
[SourceVersion "1"]
[SourceVersionDate "2012.06.22"]
[SourceQuality "1"]

1. d4 d5 2. Bg5 Nd7 3. c4 c6 4. cxd5 cxd5 5. Qa4 Qb6 6. Nc3 e6 7. Rc1 a6 8. e4 Qb4 9. exd5 exd5 10. Nf3 Qxa4 11. Nxa4 Bd6 12. Bd3 Ne7 13. 0-0 0-0 14. Rfe1 Ng6 15. Bxg6 hxg6 16. Be7 Bxe7 17. Rxe7 b5 18. Nc5 Nf6 19. Ne5 a5 20. f3 g5 21. g4 g6 22. Ncd3 Ne8 23. Nxf7 Rxf7 24. Rxe8+ Rf8 25. Rxf8+ Kxf8 26. Rc7 Ba6 27. Ne5 b4 28. Kf2 a4 29. Nxg6+ Kg8 30. Ne7+ Kf8 31. Nxd5 a3 32. bxa3 bxa3 33. Rh7 Re8 34. Rh8+ 1-0

[Event "Puerto Boyaca op"]
[Site "Puerto Boyaca"]
[Date "2012.04.29"]
[Round "6"]
[White "Martinez, Cristian"]
[Black "Prieto, Ernesto"]
[Result "0-1"]
[WhiteElo "2210"]
[BlackElo "2102"]
[PlyCount "88"]
[EventDate "2012.04.26"]
[EventType "swiss"]
[EventRounds "10"]
[EventCountry "COL"]
[SourceTitle "CBM 148 Extra"]
[Source "ChessBase"]
[SourceDate "2012.06.22"]
[SourceVersion "1"]
[SourceVersionDate "2012.06.22"]
[SourceQuality "1"]

1. e4 e5 2. Nf3 Nc6 3. Bb5 a6 4. Ba4 Nf6 5. 0-0 Nxe4 6. d4 b5 7. Bb3 d5 8. dxe5 Be6 9. c3 Be7 10. Nbd2 Nc5 11. Bc2 Bg4 12. Qe1 Qd7 13. Nd4 Nxd4 14. cxd4 Nb7 15. Nb3 c5 16. dxc5 Nxc5 17. Nd4 Ne6 18. Nf5 Rc8 19. Bb1 Bxf5 20. Bxf5 g6 21. Bh3 0-0 22. Bh6 Rfd8 23. f4 Qa7+ 24. Kh1 Rc4 25. f5 Nf8 26. e6 f6 27. fxg6 hxg6 28. Qg3 Kh7 29. Bf4 Re4 30. Qh4+ Kg8 31. Qh6 Rc8 32. Bg5 fxg5 33. Rf7 Qd4 34. Rxe7 Qe5 35. Rf7 Rh4 36. Rxf8+ Rxf8 37. Qxg6+ Kh8 38. e7 Qxe7 39. Qe6 Qxe6 40. Bxe6 d4 41. h3 Re4 42. Bg4 Rfe8 43. Rf1 Re1 44. Kg1 d3 0-1

[Event "Medellin Cuartas Memorial"]
[Site "Medellin"]
[Date "2011.08.07"]
[Round "8"]
[White "Herrera, Juan Sebastian"]
[Black "Martinez, Cristian"]
[Result "0-1"]
[WhiteElo "2089"]
[BlackElo "2248"]
[PlyCount "74"]
[EventDate "2011.08.03"]
[EventType "swiss"]
[EventRounds "8"]
[EventCountry "COL"]
[SourceTitle "CBM 144 Extra"]
[Source "ChessBase"]
[SourceDate "2011.10.28"]
[SourceVersion "1"]
[SourceVersionDate "2011.10.28"]
[SourceQuality "1"]

1. e4 c5 2. Nf3 d6 3. d4 cxd4 4. Nxd4 Nf6 5. Nc3 e6 6. Be2 a6 7. 0-0 Nc6 8. Kh1 Be7 9. f4 Qc7 10. Be3 0-0 11. Qe1 Bd7 12. Qg3 Kh8 13. Rad1 b5 14. a3 Rab8 15. e5 Ne8 16. Nxc6 Bxc6 17. Bd3 b4 18. Qh3 g6 19. Ne4 Bxe4 20. Bxe4 d5 21. Bd3 bxa3 22. bxa3 Bxa3 23. Ra1 Qc3 24. Bxa6 Bb2 25. Rab1 Qxc2 26. Bd4 Qa4 27. Bxb2 Qxa6 28. Ba3 Rxb1 29. Rxb1 Rg8 30. Be7 h5 31. Qe3 Kh7 32. h3 Ng7 33. Bf6 Rc8 34. Kh2 Rc7 35. Rb8 Rc8 36. Rb4 Qf1 37. Qg3 Rc1 0-1

[Event "Medellin Cuartas Memorial"]
[Site "Medellin"]
[Date "2011.08.06"]
[Round "5"]
[White "Nino, Juan Camilo"]
[Black "Martinez, Cristian"]
[Result "0-1"]
[WhiteElo "2072"]
[BlackElo "2248"]
[PlyCount "60"]
[EventDate "2011.08.03"]
[EventType "swiss"]
[EventRounds "8"]
[EventCountry "COL"]
[SourceTitle "CBM 144 Extra"]
[Source "ChessBase"]
[SourceDate "2011.10.28"]
[SourceVersion "1"]
[SourceVersionDate "2011.10.28"]
[SourceQuality "1"]

1. e4 e6 2. d4 d5 3. Nd2 Nf6 4. e5 Nfd7 5. Bd3 c5 6. c3 Nc6 7. Ne2 cxd4 8. cxd4 f6 9. exf6 Qxf6 10. 0-0 Bd6 11. Nf3 h6 12. Ng3 0-0 13. Nh5 Qe7 14. Re1 Qf7 15. Ng3 e5 16. dxe5 Ndxe5 17. Be2 Be6 18. Be3 Bb4 19. Rf1 Nxf3+ 20. Bxf3 Rad8 21. Bd4 b6 22. Bc3 Bc5 23. Qa4 Rd6 24. b4 Qf4 25. Nh5 Qc4 26. Bxg7 Rxf3 27. gxf3 Bh3 28. Rfc1 Rg6+ 29. Ng3 Qe2 30. bxc5 Qxf3 0-1

[Event "Medellin Cuartas Memorial"]
[Site "Medellin"]
[Date "2011.08.04"]
[Round "2"]
[White "Martinez, Cristian"]
[Black "Arias, Braulio"]
[Result "1-0"]
[WhiteElo "2248"]
[BlackElo "2049"]
[PlyCount "53"]
[EventDate "2011.08.03"]
[EventType "swiss"]
[EventRounds "8"]
[EventCountry "COL"]
[SourceTitle "CBM 144 Extra"]
[Source "ChessBase"]
[SourceDate "2011.10.28"]
[SourceVersion "1"]
[SourceVersionDate "2011.10.28"]
[SourceQuality "1"]

1. e4 e5 2. Nf3 Nc6 3. Bb5 Bc5 4. 0-0 Nf6 5. Nxe5 Nxe5 6. d4 Ng6 7. dxc5 0-0 8. Nc3 b6 9. cxb6 axb6 10. f4 d6 11. f5 Ne5 12. Bg5 Ba6 13. Bxa6 Rxa6 14. Nd5 Ned7 15. Qe2 Ra4 16. b3 Ra5 17. a4 Re8 18. Rad1 c6 19. Nxf6+ Nxf6 20. Qd3 d5 21. Qd4 Rc5 22. e5 Rxc2 23. exf6 Ree2 24. Rd2 Rexd2 25. Bxd2 Qxf6 26. Qxf6 gxf6 27. Bh6 1-0

[Event "COL-ch sf"]
[Site "Santa Rosa"]
[Date "2011.06.27"]
[Round "11"]
[White "Martinez, Cristian"]
[Black "Agudelo, Carlos Hernan"]
[Result "1-0"]
[WhiteElo "2247"]
[BlackElo "2094"]
[PlyCount "31"]
[EventDate "2011.06.22"]
[EventType "swiss"]
[EventRounds "11"]
[EventCountry "COL"]
[SourceTitle "CBM 143 Extra"]
[Source "ChessBase"]
[SourceDate "2011.08.29"]
[SourceVersion "1"]
[SourceVersionDate "2011.08.29"]
[SourceQuality "1"]

1. e4 c5 2. Nf3 e6 3. d4 cxd4 4. Nxd4 Nf6 5. Nc3 a6 6. e5 Ng8 7. Be3 b5 8. Qf3 Nc6 9. Nxc6 dxc6 10. Qxc6+ Bd7 11. Qb7 Qc8 12. Qxc8+ Rxc8 13. Bd3 Bc5 14. Bxc5 Rxc5 15. f4 g5 16. Ne4 1-0

[Event "COL-ch sf"]
[Site "Santa Rosa"]
[Date "2011.06.26"]
[Round "9"]
[White "Martinez, Cristian"]
[Black "Pardo, Alejandro"]
[Result "1/2-1/2"]
[WhiteElo "2247"]
[BlackElo "2134"]
[PlyCount "64"]
[EventDate "2011.06.22"]
[EventType "swiss"]
[EventRounds "11"]
[EventCountry "COL"]
[SourceTitle "CBM 143 Extra"]
[Source "ChessBase"]
[SourceDate "2011.08.29"]
[SourceVersion "1"]
[SourceVersionDate "2011.08.29"]
[SourceQuality "1"]

1. e4 c5 2. Nf3 d6 3. d4 cxd4 4. Nxd4 Nf6 5. Nc3 a6 6. Be2 e6 7. a4 Be7 8. 0-0 Qc7 9. f4 b6 10. Bf3 Bb7 11. Kh1 0-0 12. Qe1 Nbd7 13. Qg3 Rfe8 14. e5 Nd5 15. Nxd5 Bxd5 16. Bxd5 exd5 17. e6 Nf8 18. exf7+ Kxf7 19. Nf5 Bf6 20. Qb3 Qc6 21. Ne3 Rac8 22. c3 Nd7 23. Nxd5 Qc4 24. Qxc4 Rxc4 25. Be3 Rce4 26. Nxf6 gxf6 27. Bd4 Nc5 28. Bxc5 dxc5 29. Kg1 Re2 30. Rf2 Re1+ 31. Rxe1 Rxe1+ 32. Rf1 Re2 1/2-1/2

[Event "COL-ch sf"]
[Site "Santa Rosa"]
[Date "2011.06.24"]
[Round "6"]
[White "Cadena Montoya, Gustavo Adolfo"]
[Black "Martinez, Cristian"]
[Result "0-1"]
[WhiteElo "2107"]
[BlackElo "2247"]
[PlyCount "86"]
[EventDate "2011.06.22"]
[EventType "swiss"]
[EventRounds "11"]
[EventCountry "COL"]
[SourceTitle "CBM 143 Extra"]
[Source "ChessBase"]
[SourceDate "2011.08.29"]
[SourceVersion "1"]
[SourceVersionDate "2011.08.29"]
[SourceQuality "1"]

1. d4 Nf6 2. c4 e6 3. Nf3 b6 4. a3 Be7 5. Nc3 Bb7 6. g3 0-0 7. Bg2 d6 8. 0-0 Nbd7 9. Re1 Qc8 10. e4 e5 11. Nd5 Nxd5 12. exd5 Bf6 13. Bh3 exd4 14. Nxd4 Qd8 15. Nc6 Bxc6 16. dxc6 Ne5 17. Qd5 Ng6 18. Bd7 Ne5 19. Bh3 Ng6 20. Rb1 Re8 21. Be3 Re5 22. Qd3 Re7 23. f4 Nf8 24. f5 Be5 25. Bg2 Re8 26. Bd5 Qf6 27. Re2 Re7 28. g4 h6 29. Rg2 Nh7 30. Kh1 Rae8 31. Bg1 Bf4 32. Rf1 Be3 33. Qd1 Bxg1 34. Rfxg1 Qh4 35. Qc2 Re1 36. Qd2 Ng5 37. Rxe1 Rxe1+ 38. Rg1 Rxg1+ 39. Kxg1 Qxg4+ 40. Kh1 Qxf5 41. Qe2 Kf8 42. Bg2 Qb1+ 43. Bf1 Qe4+ 0-1

[Event "COL-ch sf"]
[Site "Santa Rosa"]
[Date "2011.06.22"]
[Round "1"]
[White "Torres, Saulo de Jesus"]
[Black "Martinez, Cristian"]
[Result "0-1"]
[WhiteElo "1905"]
[BlackElo "2247"]
[PlyCount "100"]
[EventDate "2011.06.22"]
[EventType "swiss"]
[EventRounds "11"]
[EventCountry "COL"]
[SourceTitle "CBM 143 Extra"]
[Source "ChessBase"]
[SourceDate "2011.08.29"]
[SourceVersion "1"]
[SourceVersionDate "2011.08.29"]
[SourceQuality "1"]

1. e4 e6 2. d3 c5 3. Nf3 Nc6 4. Nbd2 g6 5. g3 Bg7 6. Bg2 Nge7 7. c3 0-0 8. 0-0 d6 9. Re1 b5 10. Nf1 a5 11. d4 Bb7 12. Be3 b4 13. Rc1 bxc3 14. bxc3 cxd4 15. cxd4 Qd7 16. Qa4 Rfc8 17. d5 exd5 18. exd5 Nxd5 19. Bd4 Rc7 20. Bxg7 Kxg7 21. Ng5 Ncb4 22. Qb3 Rxc1 23. Rxc1 Qe7 24. h4 h6 25. Nh3 Nf6 26. Bxb7 Qxb7 27. a3 Qd5 28. Qb1 Na6 29. Nf4 Qf3 30. Qa1 Nc5 31. Nh2 Qb7 32. Ng4 Ncd7 33. Qd4 Qb6 34. Qa1 Rb8 35. Nd5 Qb2 36. Qxb2 Rxb2 37. Ngxf6 Nxf6 38. Rd1 Ne4 39. Ne3 Nxf2 40. Rxd6 Ne4 41. Rd3 a4 42. Nc4 Rb3 43. Rd7 Rxg3+ 44. Kf1 Kf6 45. Ra7 Nc3 46. Nb2 Rg4 47. Rc7 Nb5 48. Rc6+ Ke7 49. Ra6 Rxh4 50. Nxa4 Nxa3 0-1

[Event "Cartagena IRT op 3rd"]
[Site "Cartagena"]
[Date "2011.06.19"]
[Round "7"]
[White "Arenas Vanegas, David"]
[Black "Martinez, Cristian"]
[Result "1/2-1/2"]
[WhiteElo "2427"]
[BlackElo "2247"]
[PlyCount "59"]
[EventDate "2011.06.16"]
[EventType "swiss"]
[EventRounds "7"]
[EventCountry "COL"]
[SourceTitle "EXT 2013"]
[Source "ChessBase"]
[SourceDate "2012.11.22"]
[SourceVersion "1"]
[SourceVersionDate "2012.11.22"]
[SourceQuality "1"]

1. e4 e6 2. d4 d5 3. Nc3 Nc6 4. Nf3 Nf6 5. Bg5 Be7 6. e5 Ne4 7. Bxe7 Qxe7 8. a3 Bd7 9. Qd3 Ng5 10. Nd2 f6 11. f4 Nf7 12. Nf3 fxe5 13. fxe5 0-0-0 14. Qd2 g5 15. g4 Rdf8 16. Be2 Rhg8 17. 0-0-0 Nh8 18. Rdf1 Rf4 19. h4 Rxg4 20. hxg5 Ng6 21. Bd3 Nxd4 22. Nxd4 Rxd4 23. Rf6 Nxe5 24. Qe3 Nxd3+ 25. cxd3 c5 26. Kb1 Rg7 27. Rhf1 Qd6 28. Rf8+ Kc7 29. Qf3 Qe5 30. Ra8 1/2-1/2

[Event "Bucaramanga op"]
[Site "Bucaramanga"]
[Date "2008.06.02"]
[Round "9"]
[White "Martinez, Cristian"]
[Black "Alvarez Lora, Amaury Antonio"]
[Result "1-0"]
[WhiteElo "2253"]
[BlackElo "2109"]
[PlyCount "83"]
[EventDate "2008.05.30"]
[EventType "swiss"]
[EventRounds "9"]
[EventCountry "COL"]
[SourceTitle "EXT 2010"]
[Source "ChessBase"]
[SourceDate "2010.11.25"]
[SourceVersion "1"]
[SourceVersionDate "2010.11.25"]
[SourceQuality "1"]

1. e4 c5 2. Nf3 d6 3. d4 cxd4 4. Nxd4 Nf6 5. Nc3 g6 6. Be3 Bg7 7. f3 Nc6 8. Qd2 0-0 9. Bc4 Bd7 10. Bb3 Ne5 11. Bh6 Rc8 12. h4 Nc4 13. Bxc4 Rxc4 14. Bxg7 Kxg7 15. h5 Ng8 16. Nd5 e5 17. Ne2 Be6 18. hxg6 fxg6 19. 0-0-0 Bxd5 20. Qxd5 Qc7 21. Nc3 Rd8 22. Rh2 h6 23. g4 a6 24. Rdh1 Rd4 25. Qb3 Rf8 26. Ne2 Rc4 27. Ng3 Qf7 28. g5 b5 29. Kb1 Qxf3 30. Nf5+ Rxf5 31. exf5 Qxf5 32. gxh6+ Kh7 33. Qe3 Rd4 34. b3 Qf4 35. Qe1 Nf6 36. Qa5 Nh5 37. Qxa6 b4 38. Qb7+ Kxh6 39. Rg2 Qf6 40. Rhg1 Nf4 41. Rg4 Nh3 42. Qh1 1-0

[Event "Bucaramanga op"]
[Site "Bucaramanga"]
[Date "2008.05.31"]
[Round "3"]
[White "Martinez, Cristian"]
[Black "Herrera, Milena"]
[Result "1/2-1/2"]
[WhiteElo "2253"]
[BlackElo "2007"]
[PlyCount "72"]
[EventDate "2008.05.30"]
[EventType "swiss"]
[EventRounds "9"]
[EventCountry "COL"]
[SourceTitle "EXT 2010"]
[Source "ChessBase"]
[SourceDate "2010.11.25"]
[SourceVersion "1"]
[SourceVersionDate "2010.11.25"]
[SourceQuality "1"]

1. e4 c5 2. Nf3 d6 3. d4 cxd4 4. Nxd4 Nf6 5. Nc3 a6 6. Be2 e6 7. a4 Be7 8. 0-0 0-0 9. f4 Qc7 10. Be3 Nc6 11. Nb3 b6 12. Bf3 Bb7 13. Qe1 Nd7 14. Ne2 Nc5 15. Ng3 b5 16. Nxc5 dxc5 17. Qf2 Rfd8 18. Bg4 Nd4 19. axb5 axb5 20. Rxa8 Rxa8 21. c3 Nb3 22. Bd1 Na5 23. Bc2 Nc4 24. Bc1 b4 25. Nh5 g6 26. f5 gxh5 27. fxe6 f6 28. e5 Qxe5 29. Re1 Qd5 30. Be4 Qxe4 31. Rxe4 Bxe4 32. Qg3+ Bg6 33. Qc7 Bd6 34. Qc6 Ra1 35. Qc8+ Kg7 36. Qd7+ Kg8 1/2-1/2

[Event "Cali qual"]
[Site "Cali"]
[Date "2008.05.01"]
[Round "1"]
[White "Hernandez Sanchez, Jairo Andres"]
[Black "Martinez, Cristian"]
[Result "1/2-1/2"]
[WhiteElo "1806"]
[BlackElo "2253"]
[PlyCount "74"]
[EventDate "2008.05.01"]
[EventType "swiss"]
[EventRounds "9"]
[EventCountry "COL"]
[SourceTitle "CBM 124 Extra"]
[Source "ChessBase"]
[SourceDate "2008.07.03"]
[SourceVersion "1"]
[SourceVersionDate "2008.07.03"]
[SourceQuality "1"]

1. e4 e6 2. d3 c5 3. Nf3 Nc6 4. g3 g6 5. Bg2 Bg7 6. 0-0 Nge7 7. Re1 d6 8. c3 0-0 9. d4 cxd4 10. cxd4 Qb6 11. Be3 Qxb2 12. Nbd2 d5 13. e5 Qb6 14. Nb3 Nf5 15. Bc1 h5 16. h3 Na5 17. Ba3 Nxb3 18. axb3 Re8 19. Bc5 Qc7 20. g4 hxg4 21. hxg4 Ne7 22. Qd2 Bd7 23. Bf1 Bc6 24. Rec1 a6 25. Rc2 Qd7 26. Rac1 Bb5 27. Bd6 Nc6 28. Bxb5 axb5 29. Rc5 b4 30. Kg2 Ra3 31. Qf4 Rxb3 32. Rh1 Rc3 33. Qh2 Ne7 34. Qh7+ Kf8 35. Rb1 b6 36. Rxc3 bxc3 37. Rc1 Rc8 1/2-1/2

[Event "COL-ch"]
[Site "Cartagena"]
[Date "2007.06.18"]
[Round "8"]
[White "Martinez, Cristian"]
[Black "Ossa, Orlando Jose"]
[Result "1-0"]
[WhiteElo "2243"]
[BlackElo "2253"]
[PlyCount "89"]
[EventDate "2007.06.13"]
[EventType "tourn"]
[EventRounds "13"]
[EventCountry "COL"]
[EventCategory "3"]
[SourceTitle "CBM 119 Extra"]
[Source "ChessBase"]
[SourceDate "2007.09.04"]
[SourceVersion "1"]
[SourceVersionDate "2007.09.04"]
[SourceQuality "1"]

1. e4 e5 2. Nf3 Nc6 3. Bb5 f5 4. d3 Nf6 5. Nc3 fxe4 6. dxe4 Bc5 7. 0-0 0-0 8. Bxc6 bxc6 9. Nxe5 Ba6 10. Nd3 Bd4 11. Ne2 Bb6 12. Ng3 d5 13. exd5 cxd5 14. Be3 c5 15. Re1 d4 16. Bg5 h6 17. Bd2 c4 18. Nf4 Qd7 19. Ng6 Rfe8 20. Qf3 Bb7 21. Qf4 Bc7 22. Qf5 Bxg3 23. Qxd7 Bxh2+ 24. Kxh2 Nxd7 25. Ne7+ Kf8 26. Bb4 a5 27. Ba3 d3 28. cxd3 cxd3 29. Rad1 Ba6 30. Nd5+ Kf7 31. Rxe8 Rxe8 32. Nc7 Re6 33. Nxe6 Kxe6 34. b3 Nf6 35. Bb2 Ne4 36. f3 Nf6 37. Bc3 a4 38. bxa4 Nd5 39. Bd2 Nb6 40. a5 Nc4 41. Bc3 Nd6 42. Bxg7 Nf5 43. Bc3 Kd5 44. Bd2 h5 45. Rb1 1-0

[Event "COL-ch"]
[Site "Cartagena"]
[Date "2007.06.17"]
[Round "6"]
[White "Martinez, Cristian"]
[Black "Mosquera Klinger, Miguel Alonso"]
[Result "0-1"]
[WhiteElo "2243"]
[BlackElo "2414"]
[PlyCount "68"]
[EventDate "2007.06.13"]
[EventType "tourn"]
[EventRounds "13"]
[EventCountry "COL"]
[EventCategory "3"]
[SourceTitle "CBM 119 Extra"]
[Source "ChessBase"]
[SourceDate "2007.09.04"]
[SourceVersion "1"]
[SourceVersionDate "2007.09.04"]
[SourceQuality "1"]

1. e4 Nf6 2. e5 Nd5 3. d4 d6 4. Nf3 Nb6 5. exd6 cxd6 6. Bd3 g6 7. 0-0 Bg7 8. Bg5 Nc6 9. c3 h6 10. Bd2 0-0 11. Qc1 Kh7 12. h4 e5 13. h5 Bg4 14. Nh2 Be6 15. Qc2 Ne7 16. dxe5 dxe5 17. Na3 Nbd5 18. Rae1 Rc8 19. Qb1 Bf5 20. Bxf5 Nxf5 21. Nf3 Re8 22. hxg6+ fxg6 23. g3 Nf6 24. Rd1 Qb6 25. Nh4 Nxh4 26. gxh4 e4 27. h5 Nxh5 28. Rfe1 Qe6 29. Bc1 Qg4+ 30. Kf1 Rf8 31. Be3 Ng3+ 32. Kg1 Nf5+ 33. Kf1 Qh3+ 34. Kg1 Nh4 0-1

[Event "COL-ch"]
[Site "Cartagena"]
[Date "2007.06.16"]
[Round "4"]
[White "Martinez, Cristian"]
[Black "Martinez, Jorge Alexander"]
[Result "0-1"]
[WhiteElo "2243"]
[BlackElo "2130"]
[PlyCount "110"]
[EventDate "2007.06.13"]
[EventType "tourn"]
[EventRounds "13"]
[EventCountry "COL"]
[EventCategory "3"]
[SourceTitle "CBM 119 Extra"]
[Source "ChessBase"]
[SourceDate "2007.09.04"]
[SourceVersion "1"]
[SourceVersionDate "2007.09.04"]
[SourceQuality "1"]

1. e4 c5 2. Nf3 e6 3. d4 cxd4 4. Nxd4 a6 5. Bd3 Nf6 6. Nc3 Qc7 7. 0-0 b5 8. a3 Bb7 9. Qe2 d6 10. f4 Nbd7 11. Be3 h5 12. h3 Be7 13. Rad1 Rc8 14. f5 e5 15. Nf3 Nb6 16. Bg5 Nc4 17. Bxc4 Qxc4 18. Qxc4 Rxc4 19. Bxf6 gxf6 20. Rfe1 Kd7 21. Re2 Rhc8 22. Ne1 b4 23. Nd5 Bxd5 24. Rxd5 bxa3 25. bxa3 Ra4 26. Kf2 Rxa3 27. Re3 Rxe3 28. Kxe3 Bd8 29. Kd3 Bb6 30. c3 Rg8 31. Ke2 Kc6 32. Kf3 h4 33. Ke2 a5 34. Rd2 Bc5 35. Kd3 d5 36. Ra2 dxe4+ 37. Kxe4 Kb5 38. Nf3 a4 39. Nxh4 a3 40. Kd3 e4+ 41. Kxe4 Kc4 42. Ra1 Kb3 43. Kd5 Be7 44. Nf3 Rxg2 45. Rb1+ Kc2 46. Rb7 a2 47. Ne1+ Kxc3 48. Nxg2 a1Q 49. Rxe7 Qa2+ 50. Kd6 Qxg2 51. Rxf7 Qg3+ 52. Ke7 Qe5+ 53. Kd7 Qxf5+ 54. Ke7 Qe5+ 55. Kf8 f5 0-1

[Event "COL-ch"]
[Site "Cartagena"]
[Date "2007.06.14"]
[Round "3"]
[White "Naranjo, Sergio"]
[Black "Martinez, Cristian"]
[Result "1-0"]
[WhiteElo "2039"]
[BlackElo "2243"]
[PlyCount "57"]
[EventDate "2007.06.13"]
[EventType "tourn"]
[EventRounds "13"]
[EventCountry "COL"]
[EventCategory "3"]
[SourceTitle "CBM 119 Extra"]
[Source "ChessBase"]
[SourceDate "2007.09.04"]
[SourceVersion "1"]
[SourceVersionDate "2007.09.04"]
[SourceQuality "1"]

1. e4 e6 2. d4 d5 3. Nc3 Nf6 4. Bg5 Be7 5. Bxf6 Bxf6 6. Nf3 0-0 7. Bd3 c5 8. e5 Be7 9. 0-0 cxd4 10. Nxd4 Nc6 11. Nf3 a6 12. Re1 Qb6 13. Rb1 f6 14. Na4 Qa5 15. c4 dxc4 16. exf6 Rxf6 17. Bxc4 b5 18. Bd5 Bd7 19. Nc3 b4 20. Ne5 Nxe5 21. Rxe5 Qc7 22. Bxa8 Qxe5 23. Qxd7 bxc3 24. Qxe7 Qf5 25. Rf1 cxb2 26. Qb4 Qc2 27. Be4 Qe2 28. f3 Rf8 29. Re1 1-0

[Event "COL-ch"]
[Site "Cali"]
[Date "2003.07.26"]
[Round "8"]
[White "Martinez, Cristian"]
[Black "Alzate, Dario"]
[Result "0-1"]
[WhiteElo "2279"]
[BlackElo "2426"]
[PlyCount "46"]
[EventDate "2003.07.22"]
[EventType "tourn"]
[EventRounds "11"]
[EventCountry "COL"]
[EventCategory "5"]
[SourceTitle "CBM 095 Extra"]
[Source "ChessBase"]
[SourceDate "2003.09.04"]
[SourceVersion "1"]
[SourceVersionDate "2003.09.04"]
[SourceQuality "1"]

1. e4 c5 2. Nf3 d6 3. d4 cxd4 4. Nxd4 Nf6 5. Nc3 a6 6. Be3 e5 7. Nb3 Be7 8. f3 Be6 9. Qd2 0-0 10. 0-0-0 Nbd7 11. g4 Qc7 12. g5 Nh5 13. Nd5 Bxd5 14. exd5 a5 15. Kb1 Rfb8 16. Nc1 b5 17. Ne2 b4 18. Ng3 Nf4 19. Bxf4 exf4 20. Qxf4 a4 21. Nf5 Bf8 22. b3 axb3 23. cxb3 Rxa2 0-1

[Event "COL-ch"]
[Site "Cali"]
[Date "2003.07.23"]
[Round "2"]
[White "Martinez, Cristian"]
[Black "Beltran, Carlos Armando"]
[Result "1-0"]
[WhiteElo "2279"]
[BlackElo "2261"]
[PlyCount "61"]
[EventDate "2003.07.22"]
[EventType "tourn"]
[EventRounds "11"]
[EventCountry "COL"]
[EventCategory "5"]
[SourceTitle "CBM 095 Extra"]
[Source "ChessBase"]
[SourceDate "2003.09.04"]
[SourceVersion "1"]
[SourceVersionDate "2003.09.04"]
[SourceQuality "1"]

1. e4 e6 2. d4 d5 3. Nd2 c5 4. Ngf3 cxd4 5. exd5 Qxd5 6. Bc4 Qd6 7. 0-0 Nf6 8. Nb3 Nc6 9. Nbxd4 Nxd4 10. Nxd4 a6 11. c3 Qc7 12. Bd3 Bd6 13. h3 0-0 14. Bg5 Nd5 15. Re1 Bd7 16. Re4 g6 17. Qd2 e5 18. Ne2 Bf5 19. Rc4 Qa5 20. Bxf5 gxf5 21. Bh6 Be7 22. Bxf8 Kxf8 23. Qh6+ Ke8 24. Qxh7 Nb6 25. Rc7 Qd5 26. Qg8+ Bf8 27. Ng3 Nd7 28. c4 Qe6 29. Rd1 Nf6 30. Qh8 f4 31. Nh5 1-0